BIBLIOTECA

SENCICO

Passivhaus de la casa pasiva al estándar : (Registro nro. 116)

Detalles MARC
000 -LEADER
fixed length control field 02440nam a2200313Ia 4500
003 - CONTROL NUMBER IDENTIFIER
control field PE SENCICO BE
005 - DATE AND TIME OF LATEST TRANSACTION
control field 20251020182426.0
008 - FIXED-LENGTH DATA ELEMENTS--GENERAL INFORMATION
fixed length control field 200515s9999 xx 000 0 und d
020 ## - INTERNATIONAL STANDARD BOOK NUMBER
International Standard Book Number 978-84-252-2452-2
040 ## - CATALOGING SOURCE
Original cataloging agency PE SENCICO BE
Transcribing agency PE SENCICO BE
041 ## - LANGUAGE CODE
Language code of text/sound track or separate title spa
-- por
082 ## - DEWEY DECIMAL CLASSIFICATION NUMBER
Classification number 721.47
Item number W32
100 1# - MAIN ENTRY--PERSONAL NAME
9 (RLIN) 1447
Personal name Wassouf, Micheel
Relator term autor
245 10 - TITLE STATEMENT
Title Passivhaus de la casa pasiva al estándar :
Remainder of title la arquitectura pasiva en climas cálidos = da casa passiva à norma : a arquitectura passiva em climas quentes /
Statement of responsibility, etc. Micheel Wassouf
250 ## - EDITION STATEMENT
Edition statement 1a ed.
260 ## - PUBLICATION, DISTRIBUTION, ETC.
Place of publication, distribution, etc. Barcelona :
Name of publisher, distributor, etc. GG,
Date of publication, distribution, etc. 2022
300 ## - PHYSICAL DESCRIPTION
Extent 143 páginas :
Other physical details ilustraciones, diagramas ;
Dimensions 24 cm.
500 ## - GENERAL NOTE
General note Texto en español y portugués.
504 ## - BIBLIOGRAPHY, ETC. NOTE
Bibliography, etc. note Bibliografía: p. 141-143.
520 3# - SUMMARY, ETC.
Summary, etc. Si bien el concepto de "casa pasiva" remonta sus orígenes a la década de 1970, no fue hasta la creación de Passivhaus (el estándar de origen alemán de optimización energética para la construcción de viviendas) cuando esta práctica de arquitectura sostenible llegó a su edad adulta. Desde que se construyera el primer edificio Passivhaus en Alemania a principios de la década de 1990, el protocolo Passivhaus se ha aplicado con éxito en edificios ubicados por todo el mundo, desde la fría ciudad de Oslo hasta la tropical Shanghái. Este libro expone el concepto de arquitectura pasiva, explica el estándar Passivhaus y explora su aplicación en el marco de los territorios de climas cálidos. Con un enfoque práctico y directo, el autor presenta los conceptos básicos de esta normalización constructiva, las tecnologías actuales con las que trabaja y las pautas fundamentales para su aplicación en países de climas templados y cálidos. El libro se estructura en tres capítulos: la arquitectura pasiva, el estándar Passivhaus y un tercer bloque donde se aplica la herramienta PHPP a edificios de referencia de ciudades de climas cálidos y tropicales como Madrid, Lisboa, Ciudad de México o Río de Janeiro. Además, se presentan diversos ejemplos de edificios Passivhaus que demuestran la viabilidad del estándar en estas zonas.
650 10 - SUBJECT ADDED ENTRY--TOPICAL TERM
Topical term or geographic name entry element Arquitectura y clima
9 (RLIN) 188
650 20 - SUBJECT ADDED ENTRY--TOPICAL TERM
Topical term or geographic name entry element Arquitectura ecológica
9 (RLIN) 806
650 20 - SUBJECT ADDED ENTRY--TOPICAL TERM
Topical term or geographic name entry element Energía solar
9 (RLIN) 1014
650 20 - SUBJECT ADDED ENTRY--TOPICAL TERM
Topical term or geographic name entry element Arquitectura bioclimática
9 (RLIN) 189
650 20 - SUBJECT ADDED ENTRY--TOPICAL TERM
Topical term or geographic name entry element Edificios ecológicos
9 (RLIN) 868
650 20 - SUBJECT ADDED ENTRY--TOPICAL TERM
Topical term or geographic name entry element Tecnología de la construcción
9 (RLIN) 589
942 ## - ADDED ENTRY ELEMENTS (KOHA)
Koha item type Libros
Source of classification or shelving scheme Dewey Decimal Classification
Existencias
Fecha de la última vez que lo usaron Número de ingreso o de inventario Pago total Signatura topográfica completa Precio efectivo desde Tipo de documento Estado perdido Sistema de clasificación Estado dañado No es para préstamo Retirado Ubicación permanente Ubicación actual Fecha de adquisición Fuente de adquisición
30/08/2023 16680   721.47/W32 30/08/2023 Libros   Dewey Decimal Classification       Biblioteca Central Lima Biblioteca Central Lima 14/08/2023 Comprado de la librería Megabook